LDR 01107naa#a2200217#i#450# 001 RU\\bibl\121267 005 20260501213339.5 011 ## _a1994-4683 100 ## _a20230803b2023####ek#y0rusy0150####ca 102 ## _aRU 200 1# _aПРЕДРАСПОЛОЖЕННОСТЬ ДЕТЕЙ С НАРУШЕНИЕМ СЛУХА К ПЛАВАНИЮ ПО РЕЗУЛЬТАТАМ ПСИХОДИАГНОСТИЧЕСКОГО ТЕСТИРОВАНИЯ И АНАЛИЗА ГЕНЕТИЧЕСКИХ МАРКЁРОВ _eЖурнальная статья 210 1# _aМосква _cНациональный государственный Университет физической культуры, спорта и здоровья им. П.Ф. Лесгафта _d2023 215 ## _a3 с. 608 ## _aЖурнальная статья _2local 675 ## _aс плохим слухом, тугоухих. 376.356 _z 700 #1 _aГрицкевич _gР А 700 #1 _aШарина _gЕ П 700 #1 _aМоскальонова _gН А 700 #1 _aШумская _gО О 700 #1 _aМазитова _gН В 856 4# _auchzapiski.lesgaft.spb.ru _u